Geopolt̕ica y geoeconoma̕ en el proceso globalizador

Detalles Bibliográficos
Autor principal: Giacalone, Rita
Formato: eBook
Lenguaje:español
Publicado: Medelln̕: Ediciones Universidad Cooperativa de Colombia, 2016
Materias:
Acceso en línea:Acceso restringido

MARC

LEADER 00000nam a22000007a 4500
005 20190808004832.0
007 cr|||| ||||
008 190808s2016 co |||||s|||| 00||0 spa d
020 |a 978-958-760-057-5 
035 |a 23986 
040 |a vLex 
090 |c 9134  |d 9134 
100 1 |a Giacalone, Rita 
245 1 0 |a Geopolt̕ica y geoeconoma̕ en el proceso globalizador  |h [Recurso electrn̤ico] /  |c Rita Giacalone 
256 |a Servicio en ln̕ea 
260 |a Medelln̕:  |b Ediciones Universidad Cooperativa de Colombia,  |c 2016 
300 |a 1 recurso electrn̤ico 
506 1 |a Disponible solo en los productos indicados  |d vLex Global  |d vLex Global (Academic Edition, excluding Law Schools)  |d vLex Global (U.S. Academic Edition, Law Schools)  |d vLex Global (U.S. Academic Edition, excluding Law Schools)  |d vLex Global (Academic Edition, Law Schools) 
650 0 4 |a Derecho Internacional  |z Colombia 
740 0 |a vLex Libros (Servicio en ln̕ea) 
856 4 0 |u http://vlex.com/source/geopolitica-geoeconomia-proceso-globalizador-23986  |z Acceso restringido 
942 |c BOOK 
999 0 |a International right